000 00903cab a2200181 4500
001 ##L131476
008 051107n2005 000 0 eng u
035 _a(Sirsi) u131476
041 0 _aeng
100 1 _aClark, Phil
245 0 0 _aByng's blueprint
260 _c2005
490 0 _aQS News
_v7 October 2005, 11-13(3)
520 _aInterview with Michael Byng, new chairman of the RICS construction faculty. Comments upon his predecessor's attack on the RICS, contractors and big quantity surveying firms, the aftermath of the New Orleans hurricane, education and training, RICS support for surveyors employed in the public sector, the need for an international measurement standard, and his motivation for becoming chairman.
590 _aIKA081105
690 _aABOUT RICS-RICS FACULTIES-RICS CONSTRUCTION FACULTY-RICS CONSTRUCTION FACULTY BOARD-RICS CONSTRUCTION FACULTY CHAIRMAN
942 _n0
999 _c76105
_d76105